Quarteriy news bulletin

محفوظ في:

التنسيق: كتاب

اللغة: Undetermined

منشور في: Los Angeles 2000

الموضوعات:

الوسوم: إضافة وسم

لا توجد وسوم, كن أول من يضع وسما على هذه التسجيلة!

رقم الطلب: (J)HV97 .G39 A3

LEADER 00387nam a22001577a 4500
005 20251109065820.0
008 251109s9999||||xx |||||||||||||| ||und||
050 1 4 |a (J)HV97 .G39  |b A3 
245 1 0 |a Quarteriy news bulletin  
264 1 |a Los Angeles   |c 2000 
300 |c 28cm 
504 |a Title from capition  
650 4 |a Art History  
650 4 |a Getty Center  
942 |2 lcc  |c BK 
999 |c 54623  |d 54623